Políticas de respuesta al impacto del ajuste / (Record no. 1201)

000 -CABECERA
fixed length control field 01385nam a22003257a 4500
003 - IDENTIFICADOR DEL NÚMERO DE CONTROL
control field AR-CdUCM
008 - DATOS DE LONGITUD FIJA--INFORMACIÓN GENERAL
fixed length control field 190226b ||||| |||| 00| 0 spa d
020 ## - NÚMERO INTERNACIONAL ESTÁNDAR DEL LIBRO
ISBN 8483870118
040 ## - FUENTE DE LA CATALOGACIÓN
Agencia/entidad que catalogó originalmente la obra MUNICIPALIDAD PROVINCIAL DEL CUSCO
Entidad que transcribió la catalogación BIBLIOTECA MUNICIPAL DEL CUSCO
082 ## - NÚMERO DE LA CLASIFICACIÓN DECIMAL DEWEY
No. de Clasificación 340.5 /
Notacion interna SA18
100 ## - ENTRADA PRINCIPAL--NOMBRE DE PERSONA
Nombre Personal Salinas, Fausto (compilador)
245 ## - MENCIÓN DE TÍTULO
Título Políticas de respuesta al impacto del ajuste /
260 ## - PUBLICACIÓN, DISTRIBUCIÓN, ETC.
Lugar de publicación, distribución, etc. Cusco :
Nombre de la editorial, distribuidor, etc. CBC,
Fecha de publicación, distribución, etc. 1994.
300 ## - DESCRIPCIÓN FÍSICA
Nº de Páginas Extensión 115 páginas ;
Dimensiones 21 cm.
440 ## - MENCIÓN DE SERIE/PUNTO DE ACCESO ADICIONAL--TÍTULO
Título Debates jurídicos
Número de la parte/sección de una obra 2
9 (RLIN) 4686
505 ## - NOTA DE CONTENIDO CON FORMATO
Nota de contenido formateada El papel de la concertación -- La negociación colectiva y la solución de los conflictos en la crisis y en el proceso de ajuste estructural: el caso peruano -- Condiciones de trabajo y formación de recursos humanos en la pequeña y mediana industria -- Los salarios y la productividad en el escenario de la reconversión productiva ...
650 ## - PUNTO DE ACCESO ADICIONAL DE MATERIA--TÉRMINO DE MATERIA
Descriptor Política laboral
9 (RLIN) 4687
650 ## - PUNTO DE ACCESO ADICIONAL DE MATERIA--TÉRMINO DE MATERIA
Descriptor Ajuste estructural
9 (RLIN) 4688
650 ## - PUNTO DE ACCESO ADICIONAL DE MATERIA--TÉRMINO DE MATERIA
Descriptor América Latina
9 (RLIN) 1130
700 ## - PUNTO DE ACCESO ADICIONAL--NOMBRE DE PERSONA
Nombre Personal Raso Delgue, Juan
9 (RLIN) 4689
700 ## - PUNTO DE ACCESO ADICIONAL--NOMBRE DE PERSONA
Nombre Personal Gonzalez Hunt, César
9 (RLIN) 4690
700 ## - PUNTO DE ACCESO ADICIONAL--NOMBRE DE PERSONA
Nombre Personal Cortés Carcelén, Juan Carlos
9 (RLIN) 4691
700 ## - PUNTO DE ACCESO ADICIONAL--NOMBRE DE PERSONA
Nombre Personal Pasco Cosmópolis, Mario
9 (RLIN) 4692
700 ## - PUNTO DE ACCESO ADICIONAL--NOMBRE DE PERSONA
Nombre Personal Chacón, Tomiris
9 (RLIN) 4693
700 ## - PUNTO DE ACCESO ADICIONAL--NOMBRE DE PERSONA
Nombre Personal Rodriguez, Enrique O.
9 (RLIN) 4694
700 ## - PUNTO DE ACCESO ADICIONAL--NOMBRE DE PERSONA
Nombre Personal Feres, Maria Ester
9 (RLIN) 4695
700 ## - PUNTO DE ACCESO ADICIONAL--NOMBRE DE PERSONA
Nombre Personal Romagnoli, Umberto
9 (RLIN) 4696
942 ## - ELEMENTOS DE PUNTO DE ACCESO ADICIONAL (KOHA)
Fuente de clasificación
Tipo de item Libros-BMC
945 ## - PROCESAMIENTO DE INFORMACIÓN LOCAL (OCLC)
Catalogador afb
AAAA-MM-DD - Fecha de ingreso o modificacion 2019-02-26
Holdings
Estado de retiro (separado) Fuente de clasificación o esquema de estanterías Estado dañado Ubicación Sala donde se ubica Nombre de la colección Fecha de adquisición o compra Costo, precio normal en soles Signatura topográfica Código de Barras Última vez visto (Koha) Tipo de ítem (Koha) Número de Ejemplar
No     Sala Humanidades Sala Humanidades Book Cart 2019-02-26 10.00 340.5 / SA18 SH0000001374 2019-02-26 Libros-BMC  
No     Sala Humanidades Sala Humanidades Book Cart 2019-03-04 10.00 340.5 / SA18 / e.2 SH0000002753 2019-03-04 Libros-BMC e.2

Powered by Koha